Länder die an Deutschland grenzen - Statistiken

Allgemein
  • Dieses Quiz wurde 330 mal gespielt
  • Das Durchschnittsergebnis liegt bei 9 aus 9
Antwortstatistiken
Antwort % Korrekt
Belgien
100%
Niederlande
100%
Schweiz
100%
Dänemark
98%
Österreich
98%
Polen
98%
Tschechien
98%
Frankreich
94%
Luxemburg
92%
Keine übereinstimmenden Quizze gefunden
Verteilung der Resultate
Anzahl Personen mit jedem Resultat
Perzentil nach korrekt beantworteten Fragen
Ihre Resultats-Entwicklung
Sie haben dieses Quiz noch nicht gespielt